000 00449nam a2200181Ia 4500
001 24633
005 20260414151056.0
008 260414t2016||||xx |||||||||||||| ||spa||
041 _aESP
082 _a345.721
_bA11
100 _aAbanto Torres, Jaime
_eAUT
245 0 _aNuevos enfoques de la conciliación y arbitraje
_b
260 _c2016
300 _a379 pƔginas :
_c25 cm.
650 _aDER
654 _aCDE
942 _cLIB
_dJUS
_fJUS
_2ddc
_n
999 _c24633
_d24633